000 00900cam a22002411i 4500
003 SA-RiAUC
005 20241029072519.0
008 241024s2015 su f 000 0 ara c
040 _aSA-JeALM
_bara
_cSA-RiAUC
_erda
082 0 4 _a251.072
_qSA-RiAUC
090 _a251.072
_bح س ن
100 1 _aالحسن، خليفة بابكر،
_d1941-
_eمؤلف.
245 1 0 _aدراسات في أصول الفقه الإسلامي /
_cخليفة بابكر الحسن.
250 _aالطبعة الأولى.
264 1 _aجدة، السعودية :
_bدار التوبة،
_c2015
300 _a151 صفحة ؛
_c24 × 17 سم
336 _aنص
_btxt
_2rdacontent
_3كتاب
337 _aبدون وسيط
_bn
_2rdamedia
338 _aمجلد
_bnc
_2rdacarrier
650 7 _aأصول الفقه الإسلامي
_xبحوث
_2aucsh
942 _2ddc
_cBOOK
_n0
949 _aSA-JeALM
_d241024
_umohamedma123
_n1
999 _c1852
_d1852